[Event "Королевский Гамбит. Южный Федеральный округ."]
[Date "2025-11-21"]
[Round "2.3"]
[Board "3"]
[White "Моисеенко Александр"]
[WhiteElo "1010"]
[Black "Попов Константин"]
[BlackElo "1010"]
[WebSite "https://www.chessopen.ru"]
[GameId "f995ed51-0101-468e-ad43-2ee8198882a2"]
[Result "1-0"]

1. e4 { [%clk 0:10:00] } e5 { [%clk 0:10:00] } 2. Nf3 { [%clk 0:10:01] } Nc6 {
[%clk 0:09:58] } 3. d4 { [%clk 0:10:00] } d6 { [%clk 0:09:57] } 4. d5 { [%clk
0:10:00] } Nd4 { [%clk 0:09:49] } 5. Nxd4 { [%clk 0:10:01] } exd4 { [%clk
0:09:50] } 6. Qxd4 { [%clk 0:10:02] } Nf6 { [%clk 0:09:42] } 7. Nc3 { [%clk
0:10:02] } c5 { [%clk 0:09:41] } 8. Qd1 { [%clk 0:10:02] } Be7 { [%clk 0:09:34]
} 9. Bd3 { [%clk 0:10:00] } O-O { [%clk 0:09:34] } 10. O-O { [%clk 0:09:59] }
h6 { [%clk 0:09:32] } 11. h3 { [%clk 0:10:01] } Bxh3 { [%clk 0:09:21] } 12.
gxh3 { [%clk 0:09:58] } Qd7 { [%clk 0:09:17] } 13. Kh2 { [%clk 0:09:58] } Rad8
{ [%clk 0:09:05] } 14. Rg1 { [%clk 0:09:56] } Ne8 { [%clk 0:08:57] } 15. Bxh6 {
[%clk 0:09:55] } Bf6 { [%clk 0:08:52] } 16. Bg5 { [%clk 0:09:46] } Be5+ { [%clk
0:08:51] } 17. f4 { [%clk 0:09:45] } Bxf4+ { [%clk 0:08:49] } 18. Bxf4 { [%clk
0:09:45] } b6 { [%clk 0:08:31] } 19. Bb5 { [%clk 0:09:35] } Qe7 { [%clk
0:08:23] } 20. Rg4 { [%clk 0:09:30] } Nf6 { [%clk 0:08:19] } 21. Bg5 { [%clk
0:09:27] } Qe5+ { [%clk 0:08:15] } 22. Bf4 { [%clk 0:09:20] } Nxg4+ { [%clk
0:08:13] } 23. Qxg4 { [%clk 0:09:20] } Qd4 { [%clk 0:08:05] } 24. Qg2 { [%clk
0:08:58] } g6 { [%clk 0:07:48] } 25. Bh6 { [%clk 0:08:56] } Rfe8 { [%clk
0:07:47] } 26. Bxe8 { [%clk 0:08:56] } Rxe8 { [%clk 0:07:47] } 27. Rf1 { [%clk
0:08:54] } Re7 { [%clk 0:07:45] } 28. Qg5 { [%clk 0:08:42] } Re5 { [%clk
0:07:23] } 29. Qf6 { [%clk 0:08:35] } Qc4 { [%clk 0:07:14] } 30. Qxf7+ { [%clk
0:08:30] } Kh8 { [%clk 0:07:12] } 31. Qg7# { [%clk 0:08:31] } 1-0

[Event "Королевский Гамбит. Южный Федеральный округ."]
[Date "2025-11-21"]
[Round "2.3"]
[Board "3"]
[White "Сухомлин Маргарита"]
[WhiteElo "990"]
[Black "Гладышев Константин"]
[BlackElo "1010"]
[WebSite "https://www.chessopen.ru"]
[GameId "dad90630-cbb8-4335-ab0a-b1e59602fe52"]
[Result "0-1"]

1. d4 { [%clk 0:10:00] } d5 { [%clk 0:10:01] } 2. Nf3 { [%clk 0:09:57] } Nf6 {
[%clk 0:10:02] } 3. Nc3 { [%clk 0:09:57] } Bf5 { [%clk 0:10:02] } 4. h3 { [%clk
0:09:50] } e6 { [%clk 0:09:59] } 5. a3 { [%clk 0:09:49] } Nc6 { [%clk 0:09:57]
} 6. Bf4 { [%clk 0:09:40] } Bd6 { [%clk 0:09:54] } 7. Bxd6 { [%clk 0:09:33] }
Qxd6 { [%clk 0:09:55] } 8. Nb5 { [%clk 0:09:29] } Qd7 { [%clk 0:09:54] } 9. e3
{ [%clk 0:09:10] } a6 { [%clk 0:09:52] } 10. Nc3 { [%clk 0:09:07] } O-O-O {
[%clk 0:09:51] } 11. b4 { [%clk 0:08:50] } b5 { [%clk 0:09:38] } 12. a4 { [%clk
0:08:48] } Nxb4 { [%clk 0:09:40] } 13. axb5 { [%clk 0:08:46] } Nxc2+ { [%clk
0:09:42] } 14. Kd2 { [%clk 0:08:36] } Nxa1 { [%clk 0:09:33] } 15. bxa6 { [%clk
0:08:36] } Qc6 { [%clk 0:09:20] } 16. Nb5 { [%clk 0:08:23] } Ne4+ { [%clk
0:09:20] } 17. Ke1 { [%clk 0:08:07] } Nc2+ { [%clk 0:09:20] } 18. Ke2 { [%clk
0:07:58] } Qxb5+ { [%clk 0:09:20] } 19. Qd3 { [%clk 0:07:54] } Nc3+ { [%clk
0:09:19] } 20. Kd2 { [%clk 0:07:51] } Qxd3+ { [%clk 0:09:17] } 21. Bxd3 { [%clk
0:07:51] } Bxd3 { [%clk 0:09:18] } 22. Kxd3 { [%clk 0:07:51] } Ne4 { [%clk
0:09:16] } 23. Kxc2 { [%clk 0:07:52] } Nxf2 { [%clk 0:09:15] } 24. Ra1 { [%clk
0:07:53] } Kb8 { [%clk 0:09:17] } 25. a7+ { [%clk 0:07:53] } Ka8 { [%clk
0:09:19] } 26. Ne5 { [%clk 0:07:50] } Rhf8 { [%clk 0:09:09] } 27. Nc6 { [%clk
0:07:32] } Rd6 { [%clk 0:09:09] } 28. Ne7 { [%clk 0:07:25] } Re8 { [%clk
0:09:07] } 29. Nxd5 { [%clk 0:06:58] } exd5 { [%clk 0:09:07] } 30. Kd2 { [%clk
0:06:54] } Ne4+ { [%clk 0:09:07] } 31. Kd3 { [%clk 0:06:55] } Rc6 { [%clk
0:09:07] } 32. g4 { [%clk 0:06:46] } Rc3+ { [%clk 0:09:07] } 33. Ke2 { [%clk
0:06:46] } Ng3+ { [%clk 0:09:03] } 34. Kf3 { [%clk 0:06:45] } Rexe3+ { [%clk
0:09:03] } 35. Kf4 { [%clk 0:06:45] } f6 { [%clk 0:09:04] } 36. g5 { [%clk
0:06:40] } Re4# { [%clk 0:09:06] } 0-1

[Event "Королевский Гамбит. Южный Федеральный округ."]
[Date "2025-11-21"]
[Round "2.4"]
[Board "4"]
[White "Григорян Милена"]
[WhiteElo "990"]
[Black "Квачёва Дарья"]
[BlackElo "990"]
[WebSite "https://www.chessopen.ru"]
[GameId "74341ef8-7f10-4004-a434-db31ef1853cd"]
[Result "0-1"]

1. e4 { [%clk 0:09:59] } e5 { [%clk 0:09:55] } 2. d3 { [%clk 0:09:58] } Nc6 {
[%clk 0:09:51] } 3. f3 { [%clk 0:09:59] } Nd4 { [%clk 0:09:45] } 4. Be3 { [%clk
0:09:53] } Bb4+ { [%clk 0:09:33] } 5. Kf2 { [%clk 0:09:48] } Nf6 { [%clk
0:09:24] } 6. Bxd4 { [%clk 0:09:49] } O-O { [%clk 0:09:24] } 7. Bxe5 { [%clk
0:09:47] } Ne8 { [%clk 0:09:22] } 8. Nc3 { [%clk 0:09:41] } Ba5 { [%clk
0:09:13] } 9. Qb1 { [%clk 0:09:39] } d6 { [%clk 0:09:05] } 10. b4 { [%clk
0:09:35] } dxe5 { [%clk 0:09:04] } 11. bxa5 { [%clk 0:09:33] } b6 { [%clk
0:08:55] } 12. axb6 { [%clk 0:09:33] } cxb6 { [%clk 0:08:56] } 13. Nce2 { [%clk
0:09:31] } Nf6 { [%clk 0:08:54] } 14. Ng3 { [%clk 0:09:30] } Nd7 { [%clk
0:08:43] } 15. Nf5 { [%clk 0:09:31] } b5 { [%clk 0:08:18] } 16. c4 { [%clk
0:09:30] } g6 { [%clk 0:08:09] } 17. cxb5 { [%clk 0:09:31] } gxf5 { [%clk
0:08:08] } 18. exf5 { [%clk 0:09:31] } Bb7 { [%clk 0:07:55] } 19. Kg3 { [%clk
0:09:33] } Nc5 { [%clk 0:07:40] } 20. f4 { [%clk 0:09:34] } Nxd3 { [%clk
0:07:10] } 21. fxe5 { [%clk 0:09:35] } Rc8 { [%clk 0:07:00] } 22. Bxd3 { [%clk
0:09:27] } Qe7 { [%clk 0:06:30] } 23. e6 { [%clk 0:09:26] } Qa3 { [%clk
0:06:06] } 24. exf7+ { [%clk 0:09:24] } Rxf7 { [%clk 0:06:04] } 25. f6 { [%clk
0:09:21] } Rd8 { [%clk 0:05:58] } 26. Kg4 { [%clk 0:09:12] } Rd4+ { [%clk
0:05:45] } 27. Kg5 { [%clk 0:09:14] } Rd6 { [%clk 0:05:42] } 28. Kh6 { [%clk
0:09:11] } Rdxf6+ { [%clk 0:05:34] } 29. Bg6 { [%clk 0:09:00] } Rxg6+ { [%clk
0:05:17] } 30. Kh5 { [%clk 0:08:58] } Rf2 { [%clk 0:04:44] } 31. Kh4 { [%clk
0:08:56] } Rfxg2 { [%clk 0:04:40] } 32. Qf1 { [%clk 0:08:49] } R6g3 { [%clk
0:04:14] } 33. Qf6 { [%clk 0:08:30] } Rg7 { [%clk 0:04:01] } 34. Qd8+ { [%clk
0:08:28] } Qf8 { [%clk 0:03:56] } 35. Qxf8+ { [%clk 0:08:25] } Kxf8 { [%clk
0:03:57] } 36. Rf1+ { [%clk 0:08:19] } Rf7 { [%clk 0:03:51] } 37. Nh3 { [%clk
0:08:19] } Rxa2 { [%clk 0:03:29] } 38. Rxf7+ { [%clk 0:08:19] } Kxf7 { [%clk
0:03:28] } 39. Rf1+ { [%clk 0:08:20] } Kg8 { [%clk 0:03:22] } 40. Rg1+ { [%clk
0:08:19] } Kh8 { [%clk 0:03:17] } 41. Rf1 { [%clk 0:08:18] } Rg2 { [%clk
0:03:15] } 42. Rf8+ { [%clk 0:08:17] } Rg8 { [%clk 0:03:12] } 43. Rxg8+ { [%clk
0:08:17] } Kxg8 { [%clk 0:03:13] } 44. Ng5 { [%clk 0:08:17] } Bd5 { [%clk
0:03:03] } 45. Nh3 { [%clk 0:08:12] } Bc4 { [%clk 0:03:00] } 46. Kh5 { [%clk
0:08:11] } Bxb5 { [%clk 0:03:01] } 47. Nf4 { [%clk 0:08:10] } a5 { [%clk
0:03:02] } 48. h3 { [%clk 0:08:11] } a4 { [%clk 0:03:02] } 49. h4 { [%clk
0:08:12] } Be8+ { [%clk 0:03:02] } 50. Ng6 { [%clk 0:08:06] } Bxg6+ { [%clk
0:03:00] } 51. Kg5 { [%clk 0:08:05] } a3 { [%clk 0:02:59] } 52. Kf6 { [%clk
0:08:02] } a2 { [%clk 0:02:58] } 53. h5 { [%clk 0:08:03] } a1=Q+ { [%clk
0:02:57] } 54. Kg5 { [%clk 0:07:59] } Qg1+ { [%clk 0:02:57] } 55. Kf6 { [%clk
0:07:56] } Bxh5 { [%clk 0:02:58] } 56. Ke6 { [%clk 0:07:52] } Bf7+ { [%clk
0:02:51] } 57. Kd6 { [%clk 0:07:52] } Qc1 { [%clk 0:02:50] } 58. Kd7 { [%clk
0:07:49] } Qd1+ { [%clk 0:02:41] } 59. Ke7 { [%clk 0:07:49] } Qg4 { [%clk
0:02:27] } 60. Kf6 { [%clk 0:07:48] } Qg7+ { [%clk 0:02:21] } 61. Ke7 { [%clk
0:07:43] } Qf8+ { [%clk 0:02:19] } 62. Kd7 { [%clk 0:07:41] } Bd5 { [%clk
0:02:17] } 63. Kc7 { [%clk 0:07:38] } Qf7+ { [%clk 0:02:09] } 64. Kb8 { [%clk
0:07:38] } Qb7# { [%clk 0:02:02] } 0-1

[Event "Королевский Гамбит. Южный Федеральный округ."]
[Date "2025-11-21"]
[Round "2.4"]
[Board "4"]
[White "Курбанова Ангелина"]
[WhiteElo "1010"]
[Black "Крутых Кира"]
[BlackElo "1010"]
[WebSite "https://www.chessopen.ru"]
[GameId "d87a5975-0807-4ef8-a9bf-653c48622746"]
[Result "1-0"]

1. e4 { [%clk 0:10:01] } e5 { [%clk 0:10:00] } 2. Nf3 { [%clk 0:10:02] } Nc6 {
[%clk 0:09:59] } 3. Nc3 { [%clk 0:10:03] } Nf6 { [%clk 0:10:00] } 4. Bb5 {
[%clk 0:10:03] } Bc5 { [%clk 0:09:53] } 5. Bxc6 { [%clk 0:10:03] } bxc6 { [%clk
0:09:50] } 6. O-O { [%clk 0:09:59] } d6 { [%clk 0:09:47] } 7. d4 { [%clk
0:09:58] } exd4 { [%clk 0:09:46] } 8. Nxd4 { [%clk 0:09:59] } Bg4 { [%clk
0:09:44] } 9. f3 { [%clk 0:09:59] } Bh5 { [%clk 0:09:43] } 10. Kh1 { [%clk
0:09:52] } h6 { [%clk 0:09:41] } 11. Nxc6 { [%clk 0:09:50] } Qd7 { [%clk
0:09:37] } 12. Nd4 { [%clk 0:09:48] } O-O { [%clk 0:09:33] } 13. Qd3 { [%clk
0:09:30] } Bg6 { [%clk 0:09:30] } 14. Be3 { [%clk 0:09:16] } Bxd4 { [%clk
0:09:18] } 15. Bxd4 { [%clk 0:09:15] } Ne8 { [%clk 0:09:12] } 16. Qb5 { [%clk
0:09:13] } Qe6 { [%clk 0:09:05] } 17. Qd5 { [%clk 0:09:10] } Qxd5 { [%clk
0:09:01] } 18. Nxd5 { [%clk 0:09:11] } c6 { [%clk 0:08:58] } 19. Ne7+ { [%clk
0:09:04] } Kh7 { [%clk 0:08:54] } 20. Nxg6 { [%clk 0:09:04] } Kxg6 { [%clk
0:08:53] } 21. Rad1 { [%clk 0:08:51] } c5 { [%clk 0:08:53] } 22. Bc3 { [%clk
0:08:50] } Rc8 { [%clk 0:08:42] } 23. f4 { [%clk 0:08:39] } Kh7 { [%clk
0:08:40] } 24. Rf3 { [%clk 0:08:40] } Kg8 { [%clk 0:08:39] } 25. Rg3 { [%clk
0:08:41] } g6 { [%clk 0:08:35] } 26. f5 { [%clk 0:08:41] } Nc7 { [%clk 0:08:26]
} 27. fxg6 { [%clk 0:08:42] } fxg6 { [%clk 0:08:25] } 28. Rxg6+ { [%clk
0:08:43] } Kh7 { [%clk 0:08:25] } 29. Rgxd6 { [%clk 0:08:35] } Nb5 { [%clk
0:08:17] } 30. Rd7+ { [%clk 0:08:36] } Kg8 { [%clk 0:08:15] } 31. Rg7+ { [%clk
0:08:36] } Kh8 { [%clk 0:08:14] } 32. Rb7+ { [%clk 0:08:34] } Nxc3 { [%clk
0:08:12] } 33. bxc3 { [%clk 0:08:35] } a5 { [%clk 0:08:05] } 34. Rb5 { [%clk
0:08:34] } a4 { [%clk 0:08:06] } 35. Ra5 { [%clk 0:08:33] } a3 { [%clk 0:08:04]
} 36. Rxa3 { [%clk 0:08:34] } Ra8 { [%clk 0:08:03] } 37. Rxa8 { [%clk 0:08:32]
} Rxa8 { [%clk 0:08:02] } 38. Ra1 { [%clk 0:08:31] } Rd8 { [%clk 0:08:02] } 39.
Kg1 { [%clk 0:08:23] } Rd2 { [%clk 0:08:00] } 40. Rc1 { [%clk 0:08:24] } Re2 {
[%clk 0:07:59] } 41. Kf1 { [%clk 0:08:22] } Rxe4 { [%clk 0:07:59] } 42. Kf2 {
[%clk 0:08:23] } Rc4 { [%clk 0:07:58] } 43. Ke3 { [%clk 0:08:14] } Rxc3+ {
[%clk 0:07:58] } 44. Kd2 { [%clk 0:07:53] } Rc4 { [%clk 0:07:53] } 45. Kd3 {
[%clk 0:07:50] } Rd4+ { [%clk 0:07:52] } 46. Ke3 { [%clk 0:07:51] } Rd8 { [%clk
0:07:49] } 47. Ke2 { [%clk 0:07:40] } Rd4 { [%clk 0:07:48] } 48. Rd1 { [%clk
0:07:40] } Rc4 { [%clk 0:07:46] } 49. Rd2 { [%clk 0:07:37] } Rc3 { [%clk
0:07:44] } 50. Rd8+ { [%clk 0:07:28] } Kg7 { [%clk 0:07:41] } 51. Kd2 { [%clk
0:07:28] } Rc4 { [%clk 0:07:38] } 52. Ra8 { [%clk 0:07:29] } Rd4+ { [%clk
0:07:33] } 53. Ke3 { [%clk 0:07:30] } Rh4 { [%clk 0:07:27] } 54. h3 { [%clk
0:07:30] } Rc4 { [%clk 0:07:19] } 55. Kd3 { [%clk 0:06:40] } Rb4 { [%clk
0:07:15] } 56. Ra5 { [%clk 0:06:30] } Rd4+ { [%clk 0:06:27] } 57. Ke3 { [%clk
0:06:27] } Rd5 { [%clk 0:06:26] } 58. c4 { [%clk 0:06:18] } Re5+ { [%clk
0:06:23] } 59. Kf3 { [%clk 0:06:15] } Kf6 { [%clk 0:06:21] } 60. Ra6+ { [%clk
0:06:08] } Kf5 { [%clk 0:06:21] } 61. Rxh6 { [%clk 0:06:08] } Re4 { [%clk
0:06:20] } 62. Rh5+ { [%clk 0:06:07] } Kg6 { [%clk 0:06:15] } 63. Kxe4 { [%clk
0:06:09] } 1-0

[Event "Королевский Гамбит. Южный Федеральный округ."]
[Date "2025-11-21"]
[Round "2.4"]
[Board "4"]
[White "Мещанская Полина"]
[WhiteElo "981"]
[Black "Лебедева Полина"]
[BlackElo "989"]
[WebSite "https://www.chessopen.ru"]
[GameId "5902c1da-87fe-4a46-a0ec-30ac33d3dd68"]
[Result "1-0"]

1. e4 { [%clk 0:09:56] } e5 { [%clk 0:09:59] } 2. Qh5 { [%clk 0:09:56] } Nf6 {
[%clk 0:09:53] } 3. Qxe5+ { [%clk 0:09:52] } Be7 { [%clk 0:09:45] } 4. Nc3 {
[%clk 0:09:14] } O-O { [%clk 0:09:40] } 5. Bc4 { [%clk 0:09:04] } h6 { [%clk
0:09:36] } 6. Nf3 { [%clk 0:08:39] } d6 { [%clk 0:09:35] } 7. Qf4 { [%clk
0:08:30] } d5 { [%clk 0:09:29] } 8. exd5 { [%clk 0:08:28] } a5 { [%clk 0:09:13]
} 9. d3 { [%clk 0:08:19] } b5 { [%clk 0:09:02] } 10. Bxb5 { [%clk 0:08:06] }
Nh5 { [%clk 0:08:44] } 11. Qe3 { [%clk 0:07:54] } Ra7 { [%clk 0:08:36] } 12.
Qxa7 { [%clk 0:07:45] } Nd7 { [%clk 0:08:18] } 13. Qa8 { [%clk 0:07:31] } c5 {
[%clk 0:07:51] } 14. Ne4 { [%clk 0:07:15] } Bf6 { [%clk 0:07:33] } 15. Nxf6+ {
[%clk 0:07:08] } Ndxf6 { [%clk 0:07:30] } 16. Be3 { [%clk 0:06:55] } Nxd5 {
[%clk 0:07:09] } 17. Bxc5 { [%clk 0:06:51] } Re8+ { [%clk 0:06:35] } 18. Bxe8 {
[%clk 0:06:35] } Qxe8+ { [%clk 0:06:28] } 19. Kd1 { [%clk 0:06:28] } Bf5 {
[%clk 0:06:00] } 20. Qxd5 { [%clk 0:06:20] } Bg4 { [%clk 0:05:45] } 21. Re1 {
[%clk 0:06:11] } Qf8 { [%clk 0:05:21] } 22. Bxf8 { [%clk 0:06:03] } Kxf8 {
[%clk 0:05:16] } 23. Qd8# { [%clk 0:05:38] } 1-0

[Event "Королевский Гамбит. Южный Федеральный округ."]
[Date "2025-11-21"]
[Round "2.4"]
[Board "4"]
[White "Погорелова Мирослава"]
[WhiteElo "1010"]
[Black "Плесовских Мирослава"]
[BlackElo "1010"]
[WebSite "https://www.chessopen.ru"]
[GameId "1009044b-0b1f-4d28-93b9-18d12e1de844"]
[Result "1-0"]

1. e4 { [%clk 0:10:00] } e5 { [%clk 0:09:59] } 2. Nf3 { [%clk 0:10:01] } Nc6 {
[%clk 0:09:55] } 3. Bc4 { [%clk 0:10:00] } Bb4 { [%clk 0:09:54] } 4. a3 { [%clk
0:09:54] } Bc5 { [%clk 0:09:51] } 5. d3 { [%clk 0:09:55] } a6 { [%clk 0:09:29]
} 6. Nc3 { [%clk 0:09:48] } b5 { [%clk 0:09:28] } 7. Bd5 { [%clk 0:09:44] } Nf6
{ [%clk 0:09:24] } 8. Bxc6 { [%clk 0:09:42] } dxc6 { [%clk 0:09:24] } 9. O-O {
[%clk 0:09:38] } O-O { [%clk 0:09:06] } 10. Bg5 { [%clk 0:09:35] } h6 { [%clk
0:09:05] } 11. Bh4 { [%clk 0:09:35] } Ng4 { [%clk 0:09:01] } 12. Bxd8 { [%clk
0:09:29] } Rxd8 { [%clk 0:08:59] } 13. Nxe5 { [%clk 0:09:26] } Rf8 { [%clk
0:08:59] } 14. Nxg4 { [%clk 0:09:26] } h5 { [%clk 0:08:47] } 15. Ne5 { [%clk
0:09:24] } Bd4 { [%clk 0:08:42] } 16. Qxh5 { [%clk 0:09:19] } g6 { [%clk
0:08:30] } 17. Qh6 { [%clk 0:09:01] } f6 { [%clk 0:08:23] } 18. Qxg6+ { [%clk
0:08:58] } Kh8 { [%clk 0:08:24] } 19. Nf3 { [%clk 0:08:57] } Rg8 { [%clk
0:08:07] } 20. Qh5+ { [%clk 0:08:51] } Kg7 { [%clk 0:08:06] } 21. Nxd4 { [%clk
0:08:40] } Bd7 { [%clk 0:07:50] } 22. Nf5+ { [%clk 0:08:30] } Bxf5 { [%clk
0:07:49] } 23. exf5 { [%clk 0:08:30] } Rae8 { [%clk 0:07:50] } 24. Qg6+ { [%clk
0:08:24] } Kf8 { [%clk 0:07:49] } 25. Qxf6# { [%clk 0:08:22] } 1-0

[Event "Королевский Гамбит. Южный Федеральный округ."]
[Date "2025-11-21"]
[Round "2.4"]
[Board "4"]
[White "Полина Сурова"]
[WhiteElo "992"]
[Black "зюзько марина"]
[BlackElo "1000"]
[WebSite "https://www.chessopen.ru"]
[GameId "b33922f5-e7e3-4ec5-9490-78500c097902"]
[Result "1-0"]

1. d4 { [%clk 0:09:53] } e6 { [%clk 0:09:58] } 2. Bf4 { [%clk 0:09:52] } Bb4+ {
[%clk 0:09:54] } 3. c3 { [%clk 0:09:51] } Be7 { [%clk 0:09:54] } 4. Nd2 { [%clk
0:09:49] } Nf6 { [%clk 0:09:53] } 5. e3 { [%clk 0:09:47] } O-O { [%clk 0:09:54]
} 6. Ngf3 { [%clk 0:09:46] } d6 { [%clk 0:09:39] } 7. h3 { [%clk 0:09:20] } e5
{ [%clk 0:09:34] } 8. dxe5 { [%clk 0:09:20] } dxe5 { [%clk 0:09:34] } 9. Bxe5 {
[%clk 0:09:00] } Nfd7 { [%clk 0:09:31] } 10. Bg3 { [%clk 0:08:48] } Nc5 { [%clk
0:09:27] } 11. Be2 { [%clk 0:08:14] } Nd3+ { [%clk 0:09:25] } 12. Bxd3 { [%clk
0:08:13] } Qxd3 { [%clk 0:09:24] } 13. Bxc7 { [%clk 0:08:08] } Nc6 { [%clk
0:09:19] } 14. Bg3 { [%clk 0:08:02] } Qd8 { [%clk 0:08:56] } 15. O-O { [%clk
0:08:02] } Bd6 { [%clk 0:08:44] } 16. Bxd6 { [%clk 0:07:54] } Qxd6 { [%clk
0:08:44] } 17. Ne4 { [%clk 0:07:50] } Qxd1 { [%clk 0:08:44] } 18. Raxd1 { [%clk
0:07:46] } Bf5 { [%clk 0:08:43] } 19. Nd6 { [%clk 0:07:42] } Be6 { [%clk
0:08:41] } 20. b3 { [%clk 0:07:18] } Rfd8 { [%clk 0:08:20] } 21. Nxb7 { [%clk
0:07:12] } Rxd1 { [%clk 0:08:19] } 22. Rxd1 { [%clk 0:07:10] } Rb8 { [%clk
0:08:18] } 23. Nc5 { [%clk 0:07:02] } h6 { [%clk 0:08:04] } 24. Nxe6 { [%clk
0:06:48] } fxe6 { [%clk 0:08:02] } 25. Nd4 { [%clk 0:06:43] } Rd8 { [%clk
0:08:01] } 26. Kf1 { [%clk 0:06:29] } Ne5 { [%clk 0:07:57] } 27. Ke2 { [%clk
0:06:21] } Rd7 { [%clk 0:07:45] } 28. Nxe6 { [%clk 0:06:17] } Rxd1 { [%clk
0:07:44] } 29. Kxd1 { [%clk 0:06:13] } Kf7 { [%clk 0:07:44] } 30. Nf4 { [%clk
0:05:59] } Kf6 { [%clk 0:07:41] } 31. Kd2 { [%clk 0:05:46] } Kf5 { [%clk
0:07:30] } 32. Nd3 { [%clk 0:05:37] } Nxd3 { [%clk 0:07:25] } 33. Kxd3 { [%clk
0:05:36] } Ke5 { [%clk 0:07:25] } 34. a4 { [%clk 0:05:30] } Kd6 { [%clk
0:07:24] } 35. Kd4 { [%clk 0:05:11] } Kc6 { [%clk 0:07:24] } 36. c4 { [%clk
0:05:13] } Kb6 { [%clk 0:07:15] } 37. b4 { [%clk 0:04:59] } a6 { [%clk 0:07:12]
} 38. a5+ { [%clk 0:04:51] } Kc6 { [%clk 0:07:10] } 39. f4 { [%clk 0:04:45] }
Kd6 { [%clk 0:07:09] } 40. g4 { [%clk 0:04:25] } g6 { [%clk 0:07:07] } 41. h4 {
[%clk 0:04:23] } Kd7 { [%clk 0:06:47] } 42. e4 { [%clk 0:04:09] } Kd6 { [%clk
0:06:47] } 43. c5+ { [%clk 0:03:55] } Kc6 { [%clk 0:06:47] } 44. Kc4 { [%clk
0:03:40] } Kb7 { [%clk 0:06:25] } 45. b5 { [%clk 0:03:32] } axb5+ { [%clk
0:06:16] } 46. Kxb5 { [%clk 0:03:24] } Kc7 { [%clk 0:06:15] } 47. a6 { [%clk
0:03:08] } Kb8 { [%clk 0:06:14] } 48. Kb6 { [%clk 0:03:04] } Ka8 { [%clk
0:06:13] } 49. c6 { [%clk 0:03:03] } Kb8 { [%clk 0:06:14] } 50. c7+ { [%clk
0:03:03] } Kc8 { [%clk 0:06:13] } 51. a7 { [%clk 0:03:04] } g5 { [%clk 0:06:13]
} 52. fxg5 { [%clk 0:03:03] } hxg5 { [%clk 0:06:14] } 53. hxg5 { [%clk 0:03:04]
} Kd7 { [%clk 0:06:13] } 54. a8=Q { [%clk 0:03:04] } Kd6 { [%clk 0:06:13] } 55.
c8=Q { [%clk 0:02:51] } Ke7 { [%clk 0:06:13] } 56. Qac6 { [%clk 0:02:41] } Kf7
{ [%clk 0:06:13] } 57. Q8d7+ { [%clk 0:02:41] } Kf8 { [%clk 0:06:13] } 58.
Qcc8# { [%clk 0:02:44] } 1-0

[Event "Королевский Гамбит. Южный Федеральный округ."]
[Date "2025-11-21"]
[Round "2.5"]
[Board "5"]
[White "Zaharov Makar"]
[WhiteElo "990"]
[Black "Гончаров Дмитрий"]
[BlackElo "990"]
[WebSite "https://www.chessopen.ru"]
[GameId "ee7a037e-eceb-4b4a-b6a3-7a6027c34ff5"]
[Result "0-1"]

1. e4 { [%clk 0:10:00] } e5 { [%clk 0:09:53] } 2. Nf3 { [%clk 0:10:00] } Nc6 {
[%clk 0:09:41] } 3. Nc3 { [%clk 0:10:00] } Nf6 { [%clk 0:09:42] } 4. Bc4 {
[%clk 0:10:01] } Bc5 { [%clk 0:09:31] } 5. O-O { [%clk 0:10:02] } d6 { [%clk
0:09:30] } 6. d3 { [%clk 0:10:02] } h6 { [%clk 0:09:32] } 7. h3 { [%clk
0:10:02] } O-O { [%clk 0:09:33] } 8. Nd5 { [%clk 0:09:59] } Nxd5 { [%clk
0:09:16] } 9. Bxd5 { [%clk 0:09:58] } Be6 { [%clk 0:09:05] } 10. Bxe6 { [%clk
0:09:56] } fxe6 { [%clk 0:09:07] } 11. Nd2 { [%clk 0:09:46] } d5 { [%clk
0:09:04] } 12. exd5 { [%clk 0:09:45] } exd5 { [%clk 0:08:52] } 13. Nb3 { [%clk
0:09:39] } Bb6 { [%clk 0:08:53] } 14. Re1 { [%clk 0:09:28] } Bxf2+ { [%clk
0:08:53] } 15. Kh1 { [%clk 0:09:22] } Bxe1 { [%clk 0:08:45] } 16. Qxe1 { [%clk
0:09:23] } Qf6 { [%clk 0:08:36] } 17. Nc5 { [%clk 0:08:59] } Qf1+ { [%clk
0:08:30] } 18. Qxf1 { [%clk 0:08:58] } Rxf1+ { [%clk 0:08:33] } 19. Kh2 { [%clk
0:08:57] } b6 { [%clk 0:08:34] } 20. Nd7 { [%clk 0:08:57] } Rd8 { [%clk
0:08:35] } 21. Nxe5 { [%clk 0:08:57] } Nxe5 { [%clk 0:08:35] } 22. d4 { [%clk
0:08:58] } Ng6 { [%clk 0:08:35] } 23. Kg3 { [%clk 0:08:22] } Rdf8 { [%clk
0:08:33] } 24. Be3 { [%clk 0:08:13] } Rxa1 { [%clk 0:08:32] } 25. h4 { [%clk
0:08:05] } Rxa2 { [%clk 0:08:26] } 26. Bd2 { [%clk 0:08:00] } Rxb2 { [%clk
0:08:14] } 27. c4 { [%clk 0:07:40] } Rxd2 { [%clk 0:08:13] } 28. cxd5 { [%clk
0:07:40] } Rxd4 { [%clk 0:08:14] } 29. d6 { [%clk 0:07:41] } cxd6 { [%clk
0:08:15] } 30. h5 { [%clk 0:07:40] } Ne5 { [%clk 0:08:15] } 31. Kh3 { [%clk
0:07:42] } Rf1 { [%clk 0:08:15] } 32. g4 { [%clk 0:07:44] } Rd3+ { [%clk
0:08:13] } 33. Kh4 { [%clk 0:07:47] } Nf3+ { [%clk 0:08:13] } 34. Kg3 { [%clk
0:07:48] } Ng1+ { [%clk 0:08:13] } 35. Kg2 { [%clk 0:07:38] } Rdf3 { [%clk
0:08:10] } 36. Kh1 { [%clk 0:07:38] } Ne2+ { [%clk 0:08:10] } 37. Kg2 { [%clk
0:07:38] } R1f2+ { [%clk 0:08:09] } 38. Kh1 { [%clk 0:07:38] } Rh3# { [%clk
0:08:11] } 0-1